| Tag |
First Indicator |
Second Indicator |
Subfields |
| LEADER |
00000cam a2200000 i 4500 |
| 001 |
in00004416213 |
| 005 |
20211120111546.0 |
| 006 |
m o d f |
| 007 |
cr ||||||||||| |
| 008 |
210209s2000 vaua o f000 0 eng c |
| 035 |
|
|
|a (OCoLC)on1236890140
|
| 042 |
|
|
|a pcc
|
| 043 |
|
|
|a n-us---
|
| 040 |
|
|
|a GPO
|b eng
|e rda
|e pn
|c GPO
|d MvI
|
| 049 |
|
|
|a WWW
|
| 074 |
|
|
|a 0307-A-45 (online)
|
| 086 |
0 |
|
|a D 301.128:SA 1/2000
|
| 245 |
0 |
0 |
|a Air Force Weather Agency.
|
| 264 |
|
1 |
|a [Arlington, Va.] :
|b U.S. Air Force,
|c 2000.
|
| 300 |
|
|
|a 1 online resource) :
|b color illustrations.
|
| 336 |
|
|
|a text
|b txt
|2 rdacontent
|
| 337 |
|
|
|a computer
|b c
|2 rdamedia
|
| 338 |
|
|
|a online resource
|b cr
|2 rdacarrier
|
| 490 |
1 |
|
|a Air Force Fact Sheet
|
| 500 |
|
|
|a "Published September 01, 2000."
|
| 588 |
|
|
|a Description based on online resource; title from HTML title screen (USAF web site, viewed on Feb. 9, 2021).
|
| 610 |
2 |
0 |
|a Air Force Safety Center (U.S.)
|
| 710 |
1 |
|
|a United States.
|b Air Force,
|e issuing body.
|
| 830 |
|
0 |
|a USAF fact sheet.
|
| 856 |
4 |
0 |
|u https://purl.fdlp.gov/GPO/gpo151336
|t 0
|
| 999 |
f |
f |
|s 0319df5f-f5b7-3a04-9de0-c5cc712a67f2
|i d7c2e04b-5210-355b-9d9d-5069e8c7cf97
|t 0
|
| 952 |
f |
f |
|a Texas A&M University
|b College Station
|c Electronic Resources
|d Available Online
|t 0
|e D 301.128:SA 1/2000
|h Superintendent of Documents classification
|
| 998 |
f |
f |
|a D 301.128:SA 1/2000
|t 0
|l Available Online
|